|
|
|
|
| LEADER |
00000cam a2200000 7i4500 |
| 001 |
0000012530 |
| 005 |
20071227.0 |
| 008 |
071224 |
| 020 |
|
|
|a 9830460061
|
| 090 |
0 |
0 |
|a 153.98
|b AMI
|
| 100 |
0 |
|
|a Amina Hj Noor
|
| 245 |
1 |
0 |
|a Mendidik anak pintar cerdas :
|b bermula dari alam rahim
|c Amina Hj Noor
|
| 260 |
|
|
|a Kuala Lumpur :
|b Darul Numan ,
|c 2001
|
| 650 |
|
0 |
|a Creative ability
|
| 650 |
|
0 |
|a Genius
|
| 650 |
|
0 |
|a Gifted Children
|
| 650 |
|
0 |
|a Gifted children
|x Education
|
| 999 |
|
|
|a 0000921919
|b Book
|c Adult Collection
|e Cawangan Bukit Gambir
|
| 999 |
|
|
|a 0000933762
|b Book
|c Adult Collection
|e Cawangan Tangkak
|
| 999 |
|
|
|a 0000933763
|b Book
|c Adult Collection
|e Cawangan Tangkak
|
| 999 |
|
|
|a 0001006469
|b Book
|c Adult Collection
|e Cawangan Bandar Penawar
|
| 999 |
|
|
|a 0001006470
|b Book
|c Adult Collection
|e Perbadanan Perpustakaan Awam Johor
|
| 999 |
|
|
|a 0001007677
|b Book
|c Adult Collection
|e Cawangan Bandar Penawar
|
| 999 |
|
|
|a 0001007678
|b Book
|c Adult Collection
|e Perbadanan Perpustakaan Awam Johor
|